000 00660nam a2200253Ia 4500
003 OSt
005 20220918192706.0
006 a|||||r|||| 00| 0
007 ta
008 220917b |||||||| |||| 00| 0 eng d
024 _a69,659
037 _cTextual
040 _aARTS
_cARTS
_beng
041 _2eng
_aeng
082 _aQv2:D, L1
100 _aSircar D C
245 0 _aStudies in the religious life of ancient and medieval India
250 _a`
260 _aDelhi
_bMotilal Banasidas India
_c1971
300 _avi,292p.
_ccm.
650 _aRELIGION
942 _hQv2:D, L1
_cTEXL
_2CC
999 _c195792
_d195792